[Event "Yeovil op"]
[Site "Yeovil"]
[Date "2007.06.17"]
[Round "4"]
[White "Streeter, Harry"]
[Black "Pierstorff, Paul"]
[Result "1/2-1/2"]
[WhiteElo "1368"]
[BlackElo "1480"]
[PlyCount "68"]
[EventDate "2007.06.15"]
[EventType "swiss"]
[EventRounds "5"]
[EventCountry "ENG"]
[SourceTitle "CBM 119 Extra"]
[Source "ChessBase"]
[SourceDate "2007.09.04"]
[SourceVersion "1"]
[SourceVersionDate "2007.09.04"]
[SourceQuality "1"]

1. e4 Nf6 2. Nc3 d6 3. d4 Nc6 4. d5 Ne5 5. f4 Ng6 6. Be2 e6 7. Nf3 exd5 8. exd5 Be7 9. g3 0-0 10. Be3 Bh3 11. Ng5 Bf5 12. h3 h6 13. Nf3 Ne4 14. Nxe4 Bxe4 15. Bd3 Bxf3 16. Qxf3 Bf6 17. c3 Qd7 18. h4 c6 19. 0-0 Rfe8 20. Bxg6 fxg6 21. Rae1 Qh3 22. Rf2 cxd5 23. Qxd5+ Kh7 24. Qg2 Qg4 25. Qf3 Qh3 26. Rh2 Qe6 27. a3 Re7 28. Rhe2 Qd7 29. Kf2 a6 30. Bd4 Rae8 31. Rxe7 Rxe7 32. Rxe7 Qxe7 33. Bxf6 gxf6 34. Qe3 Qc7 1/2-1/2

[Event "Yeovil op"]
[Site "Yeovil"]
[Date "2007.06.16"]
[Round "3"]
[White "Pierstorff, Paul"]
[Black "Spooner, Keith C"]
[Result "0-1"]
[WhiteElo "1480"]
[BlackElo "1392"]
[PlyCount "122"]
[EventDate "2007.06.15"]
[EventType "swiss"]
[EventRounds "5"]
[EventCountry "ENG"]
[SourceTitle "CBM 119 Extra"]
[Source "ChessBase"]
[SourceDate "2007.09.04"]
[SourceVersion "1"]
[SourceVersionDate "2007.09.04"]
[SourceQuality "1"]

1. e4 c6 2. Nf3 d6 3. Nc3 Bg4 4. h3 Bxf3 5. Qxf3 e6 6. Bc4 Nd7 7. 0-0 Ne5 8. Qe2 Be7 9. d4 Nxc4 10. Qxc4 Qd7 11. f4 d5 12. Qe2 dxe4 13. Qxe4 Nf6 14. Qe3 0-0 15. Ne2 Rfc8 16. c3 c5 17. Bd2 cxd4 18. cxd4 Nd5 19. Qd3 Nf6 20. Rac1 g6 21. Bc3 Nd5 22. Rfe1 Bb4 23. g3 Nxc3 24. Nxc3 Bxc3 25. bxc3 b5 26. Re5 a6 27. h4 f6 28. Re4 f5 29. Re5 h5 30. Rce1 Rc6 31. d5 Rd6 32. Rxe6 Rxe6 33. Rxe6 Kh7 34. Qd4 Qa7 35. Qxa7+ Rxa7 36. d6 Kg7 37. Kf2 Kf7 38. Re5 Rd7 39. Re7+ Rxe7 40. dxe7 Kxe7 41. Ke3 Kd6 42. Kd4 a5 43. a3 a4 44. c4 Kc6 45. c5 Kd7 46. Kc3 Kc7 47. Kb4 Kc6 48. Kc3 Kxc5 49. Kd3 b4 50. axb4+ Kxb4 51. Kc2 a3 52. Kb1 Kc3 53. Ka2 Kd3 54. Kxa3 Ke3 55. Kb2 Kf3 56. Kc3 Kxg3 57. Kd2 Kxh4 58. Ke2 Kg3 59. Ke3 h4 60. Ke2 h3 61. Kf1 h2 0-1